[Event "Schachbundesliga 2011/2012"]
[Site "Germany"]
[Date "2011.12.11"]
[Round "7.6"]
[White "Hoffmann, Paul"]
[Black "Hausrath, Daniel"]
[Result "1/2-1/2"]
[WhiteElo "2317"]
[BlackElo "2507"]
[PlyCount "58"]
[EventDate "2011.??.??"]

1. e4 c5 2. Nf3 g6 3. d4 cxd4 4. Nxd4 Bg7 5. Nc3 Nc6 6. Be3 Nf6 7. Bc4 O-O 8.
Bb3 b6 9. f3 Bb7 10. Nxc6 dxc6 11. Qxd8 Rfxd8 12. a4 e6 13. Bc4 Ne8 14. Rd1 Nc7
15. Ke2 Ba6 16. Bxa6 Nxa6 17. Rxd8+ Rxd8 18. Rd1 Rxd1 19. Nxd1 f5 20. b3 fxe4
21. fxe4 Kf7 22. Nf2 Nb4 23. Kd2 c5 24. a5 Nc6 25. axb6 axb6 26. Kd3 Nb4+ 27.
Kd2 Nc6 28. Kd3 Ke7 29. Kd2 Kf7 1/2-1/2